000 00560nam a2200193Ia 4500
003 GCL
008 140319s9999 xx 000 0 ara d
040 _aGCL /
_cGCL
082 0 4 _a833
_bو ى
100 1 _aعمر الدقاق
245 1 0 _aالايام الاربعون لجبل موسى /
_cعمر الدقاق
700 1 _aويرفل, فرانز
700 1 _aخالد الجبيلى
300 _a335 ص
490 _aسلسلة الاعمال الادبية
_v0
650 0 4 _aالادب
650 0 4 _aالادب الالمانى
942 _2ddc
_cBK
999 _c48470
_d48470